Traduction de vocabulaire en anglais - Noël - Statistiques

Statistiques générales
  • Ce quiz a été pris 286 fois
  • Le résultat moyen est 11 sur 15
Statistiques - réponses
Hint Réponse % Correct
Étoile Star
99%
Famille Family
97%
Neige Snow
97%
Cadeau Gift
94%
Père Noël Santa claus
91%
Arbre de Noël Christmas tree
90%
Ski Ski
86%
Pudding Pudding
84%
Fête Party
83%
Bonhomme de neige Snowman
81%
Bougie Candle
78%
Elfe Elf
69%
Canne à sucre Candy cane
14%
Traîneau Sled
13%
Guirlande Garland
9%
Aucun quiz correspondant
Distribution des résultats
% des personnes avec chaque résultat
Percentile par nombre de réponses
Votre historique - résultats
Vous n’avez pas pris ce quiz